Elements of Partial Differential Equations (Record no. 86618)

MARC details
000 -LEADER
fixed length control field 00396pam a2200157 a 4500
020 ## - INTERNATIONAL STANDARD BOOK NUMBER
International Standard Book Number 0-07-y85740-7
Terms of availability
040 ## - CATALOGING SOURCE
Original cataloging agency ALGP_623003
041 ## - LANGUAGE CODE
Language code of text/sound track or separate title ENG
082 ## - DEWEY DECIMAL CLASSIFICATION NUMBER
Classification number 515.33
Item number SNE
100 ## - MAIN ENTRY--PERSONAL NAME
Personal name Sneddon, Ian
Relator term Author
245 ## - TITLE STATEMENT
Title Elements of Partial Differential Equations
Medium Paper
260 ## - PUBLICATION, DISTRIBUTION, ETC.
Place of publication, distribution, etc. London
Name of publisher, distributor, etc. McGraw Hill Book Company
Date of publication, distribution, etc. 1986
300 ## - PHYSICAL DESCRIPTION
Extent 327p.
500 ## - GENERAL NOTE
General note Central Library
930 ## - EQUIVALENCE OR CROSS-REFERENCE-UNIFORM TITLE HEADING [LOCAL, CANADA]
Uniform title 9713
Holdings
Withdrawn status Lost status Damaged status Not for loan Collection Home library Current library Date acquired Source of acquisition Cost, normal purchase price Total Checkouts Full call number Barcode Date last seen Copy number Price effective from Koha item type
          Yashwantrao Mohite College of Arts, Science And Commerce, Pune Yashwantrao Mohite College of Arts, Science And Commerce, Pune 09/06/2021 Everest Publication House 91.00   515.33 SNE YMP-30478 24/02/2023 1 24/02/2023 Book